00671nam a2200217Ia 450000500170000000800410001704000190005804100120007708200150008910000210010424500780012526000350020330000120023850400190025065000180026965100320028785000100031994200070032999900160033695201010035220230610100356.0131103s9999 xx 000 0 und d aLoreto College aEnglish a808.2bBRA aBradbrook, M. G. aEnglish dramatic formb a history of its development cby M. G. Bradbrook aLondon bChattp & Windusc1965 a205 p.  aIncludes index aLiterature -  aEnglish Drama - Theatre -  aLCLIB cBK c1085d51564 00102ddc4070aMAINbMAINd2013-11-04l0o808.2 BRA 14042pB1718r2013-11-04w2013-11-04yBKf